PARACTICAL DATA COMMUNICATIONS / (Record no. 589544)
[ view plain ]
| 000 -LEADER | |
|---|---|
| fixed length control field | 00363nam a22001457a 4500 |
| 020 ## - INTERNATIONAL STANDARD BOOK NUMBER | |
| Qualifying information | PB. |
| 040 ## - CATALOGING SOURCE | |
| Transcribing agency | FIZZA ISHAQ |
| 082 ## - DEWEY DECIMAL CLASSIFICATION NUMBER | |
| Classification number | 004.6 |
| Author Mark | ROG |
| 100 ## - MAIN ENTRY--PERSONAL NAME | |
| Personal name | FREEMAN, L. ROGER. |
| 9 (RLIN) | 91417 |
| 245 ## - TITLE STATEMENT | |
| Title | PARACTICAL DATA COMMUNICATIONS / |
| Statement of responsibility, etc. | ROGER L. FREEMAN. |
| 250 ## - EDITION STATEMENT | |
| Edition statement | 2nd ED. |
| 260 ## - PUBLICATION, DISTRIBUTION, ETC. | |
| Place of publication, distribution, etc. | CANADA ; |
| Name of publisher, distributor, etc. | JOHN WILEY SON |
| Date of publication, distribution, etc. | 1995. |
| 300 ## - PHYSICAL DESCRIPTION | |
| Extent | 825 P. ; |
| 942 ## - ADDED ENTRY ELEMENTS (KOHA) | |
| Source of classification or shelving scheme | |
| Koha item type | Book |
| Withdrawn status | Lost status | Source of classification or shelving scheme | Damaged status | Not for loan | Permanent Location | Current Location | Date acquired | Total Checkouts | Full call number | Barcode | Date last seen | Price effective from | Koha item type |
|---|---|---|---|---|---|---|---|---|---|---|---|---|---|
| NUST Baluchistan Campus (NBC) | NUST Baluchistan Campus (NBC) | 05/09/2022 | 004.6 ROG | Q-4205 | 05/09/2022 | 05/09/2022 | Book |
